|
|
|
|
| LEADER |
01352nam a2200265 i 4500 |
| 001 |
GR-MES913 |
| 003 |
GR-PaULI |
| 005 |
20241125135753.0 |
| 008 |
991111s1994 gr a g 000 0 gre d |
| 020 |
|
|
|a 9603190624
|
| 040 |
|
|
|a GrPaTEI
|b gre
|c GR-PaULI
|e AACR2
|
| 082 |
0 |
4 |
|a 530
|2 23
|
| 100 |
1 |
|
|a Πάνος, Κωνσταντίνος Ν.
|9 206836
|e συγγραφέας.
|
| 245 |
1 |
0 |
|a Φυσική :
|b μηχανική - θερμότητα - απλά μηχανικά συστήματα /
|c Κωνσταντίνου Ν. Πάνου.
|
| 260 |
|
|
|a Αθήνα :
|b Μακεδονικές εκδόσεις,
|c 1994.
|
| 300 |
|
|
|a 472, [1] σ. :
|b εικ. ;
|c 24 εκ.
|
| 504 |
|
|
|a Περιλαμβάνει βιβλιογραφία: σ. [469]-472.
|
| 650 |
|
4 |
|a Φυσική
|9 2689
|
| 650 |
|
4 |
|a Μηχανική
|9 245
|
| 650 |
|
4 |
|a Θερμότητα
|9 130069
|
| 942 |
|
|
|2 ddc
|c BK
|
| 952 |
|
|
|0 0
|1 0
|2 ddc
|4 0
|6 530_000000000000000_ΠΑΝ
|7 0
|9 264653
|a MSLG
|b MSLG
|c BSC
|d 2021-01-17
|e 24
|f 0
|g 0.00
|i 5956
|l 0
|o 530 ΠΑΝ
|p 2420000005956
|r 2021-01-17 00:00:00
|t 1
|w 2021-01-17
|y BK15
|x 20080118 0 1
|x GrPaTEI
|
| 952 |
|
|
|0 0
|1 0
|2 ddc
|4 0
|6 530_000000000000000_ΠΑΝ
|7 0
|9 264654
|a MSLG
|b MSLG
|c BSC
|d 2021-01-17
|e 24
|f 0
|g 0.00
|i 8639
|l 0
|o 530 ΠΑΝ
|p 2420000008639
|r 2021-01-17 00:00:00
|t 2
|w 2021-01-17
|y BK15
|x 20080118 0 1
|x GrPaTEI
|
| 998 |
|
|
|c ΑΔΑΜΟΠΟΥΛΟΥ
|d 2024-11
|
| 999 |
|
|
|c 152212
|d 152212
|